| 000 | 01090nam a22003377a 4500 | ||
|---|---|---|---|
| 001 | 0007519 | ||
| 003 | KOHA_MİRAKIL | ||
| 005 | 20260207001600.0 | ||
| 007 | ta | ||
| 008 | 090929b1989 us |||gr||||#||||0|eng | | ||
| 020 | _c0,01 | ||
| 040 |
_aTR-BiSEU _btur _cTR-BiSEU _erda |
||
| 041 | 0 | _aeng | |
| 044 | _cus | ||
| 050 |
_aHG5706.53 _b.C87 1989 |
||
| 245 | 0 |
_aCurrent issues in Turkish capital markets : _bproceedings of the OECD- CMB conference. |
|
| 246 | _aproceedings of the OECD- CMB conference (3. : September 3rd- 8th 1989 : Antalya, Turkey) | ||
| 264 | 1 |
_aAntalya : _bSermaye Piyasasi Kurulu _c1989 |
|
| 300 | _a225 sayfa: tablo | ||
| 336 |
_ametin _btxt _2rdacontent |
||
| 337 |
_aaracısız _bn _2rdamedia |
||
| 338 |
_acilt _bnc _2rdacarrier |
||
| 490 | 1 |
_aSermaye Piyasasi Kurulu yayınları - yayın ; _vno. |
|
| 490 | 1 | _a14. | |
| 650 | 0 |
_aCapital market--Turkey. _99428 |
|
| 650 | 0 |
_aInvestments--Turkey. _94223 |
|
| 650 | 0 |
_aInvestments. _916077 |
|
| 830 | 1 |
_aSermaye Piyasasi Kurulu yayınları - yayın ; _vno. _918686 |
|
| 830 | 1 |
_a14. _96445 |
|
| 942 |
_2lcc _cBK |
||
| 999 |
_c7496 _d7496 |
||